000 00500nam a2200193 a 4500
001 13437
003 CO-ViMGA
008 141112s2004 ck r 000 u spa d
020 _a8448000056
040 _aCO-ViMGA
_bspa
_cCO-ViMGA
082 0 4 _aBRAf
100 1 _aBradman, Tony; Holleyman, Sonia
_919596
245 1 0 _aFrankie ya tiene un amigo
260 _aBarcelona :
_bCeac,
_c1992
300 _a27 : ils
490 _aLa nube de algodon
650 1 4 _aCUENTOS INFANTILES
_92743
942 _2ddc
_cBK
999 _c24166
_d24166